| 000 | 00493nam a2200169Ia 4500 | ||
|---|---|---|---|
| 003 | OSt | ||
| 005 | 20201124101959.0 | ||
| 008 | 190216s9999||||xx |||||||||||||| ||und|| | ||
| 040 | _coclc | ||
| 082 |
_a894.8123 _bSRE/O |
||
| 100 |
_a Sreedharan, Perumpadavom _96466 |
||
| 245 | 0 |
_aOru Sankeerthanam Pole / _cPerumpadavom Sreedharan |
|
| 260 |
_bDc Books, _aKottayam: _c2005. |
||
| 300 | _a223p | ||
| 650 | _aNovel | ||
| 942 |
_cBK _2ddc _h894.8123 _iSRE/O _k894.8123 _mSRE/O |
||
| 999 |
_c29908 _d29908 |
||